[Event "National Capital op"]
[Site "Ottawa CAN"]
[Date "2009.12.05"]
[Round "2"]
[White "Voloaca, Mihnea"]
[Black "Samsonkin, Artiom"]
[Result "0-1"]
[WhiteElo "2296"]
[BlackElo "2594"]
[PlyCount "118"]
[EventDate "2009.12.04"]
[EventType "swiss"]
[EventRounds "5"]
[EventCountry "CAN"]

1. d4 Nf6 2. Bg5 Ne4 3. Bf4 c5 4. f3 Qa5+ 5. c3 Nf6 6. Nd2 cxd4 7. Nb3 Qb6 8.
Qxd4 Nc6 9. Qxb6 axb6 10. Nd4 e5 11. Nxc6 exf4 12. Nd4 Nd5 13. Nh3 Bc5 14. g3
fxg3 15. hxg3 Ne3 16. Kd2 Bxd4 17. cxd4 Nf5 18. g4 Nxd4 19. Bg2 d6 20. Ng5 Be6
21. e3 Nc6 22. Nxh7 Ke7 23. Ng5 Rxh1 24. Rxh1 Rxa2 25. Kc3 Ra5 26. Nxe6 Kxe6
27. f4 Rc5+ 28. Kb3 d5 29. Rd1 Na5+ 30. Ka2 Nc4 31. Rd3 Ra5+ 32. Kb1 Rb5 33. b3
f6 34. Kc2 Nd6 35. Rd4 Rc5+ 36. Kb2 Nb5 37. Rb4 Kd7 38. Bf1 Nc3 39. Rd4 Ke6 40.
Bg2 g6 41. b4 Rc7 42. Kb3 f5 43. gxf5+ gxf5 44. Rd2 Ne4 45. Bxe4 fxe4 46. Rh2
d4 47. Rh6+ Kf5 48. exd4 e3 49. d5 Re7 50. d6 e2 51. dxe7 e1=Q 52. Rxb6 Qxe7
53. Rb5+ Kxf4 54. Rc5 Ke4 55. Rc4+ Kd5 56. Rc3 Qe2 57. Rc5+ Kd4 58. Rc7 Qe6+
59. Ka3 b5 0-1

[Event "National Capital op"]
[Site "Ottawa CAN"]
[Date "2009.12.05"]
[Round "3"]
[White "Samsonkin, Artiom"]
[Black "Szalay, Karoly"]
[Result "1/2-1/2"]
[WhiteElo "2594"]
[BlackElo "2324"]
[PlyCount "96"]
[EventDate "2009.12.04"]
[EventType "swiss"]
[EventRounds "5"]
[EventCountry "CAN"]

1. e4 e5 2. Nc3 Nc6 3. Bc4 Bc5 4. d3 d6 5. Nge2 Nf6 6. O-O a6 7. Nd5 Nxd5 8.
Bxd5 O-O 9. c3 Be6 10. d4 Ba7 11. Bxe6 fxe6 12. Be3 d5 13. exd5 Qxd5 14. Qc2
exd4 15. cxd4 Bxd4 16. Nxd4 Nxd4 17. Bxd4 Qxd4 18. Qxc7 Rac8 19. Qxb7 Rc2 20.
Qxa6 Rxb2 21. Qxe6+ Kh8 22. h3 Rfxf2 23. Kh1 Qd8 24. Rxf2 Rxf2 25. Rc1 Rf8 26.
a4 h6 27. Qe5 Re8 28. Qb5 Re6 29. a5 Rd6 30. Kh2 Rd5 31. Qb6 Qxb6 32. axb6 Rb5
33. Rc6 Rb3 34. h4 h5 35. Kg1 Rb2 36. Kf1 Kh7 37. g3 Rb3 38. Kf2 g6 39. Rc7+
Kh6 40. b7 g5 41. Ke2 gxh4 42. gxh4 Kg6 43. Kd2 Kf5 44. Kc2 Rb6 45. Kc3 Rb1 46.
Kc2 Rb6 47. Kc3 Rb1 48. Kc2 Rb6 1/2-1/2

[Event "National Capital op"]
[Site "Ottawa CAN"]
[Date "2009.12.06"]
[Round "4"]
[White "Gerzhoy, Leonid"]
[Black "Samsonkin, Artiom"]
[Result "0-1"]
[WhiteElo "2577"]
[BlackElo "2594"]
[PlyCount "138"]
[EventDate "2009.12.04"]
[EventType "swiss"]
[EventRounds "5"]
[EventCountry "CAN"]

1. d4 Nf6 2. c4 d6 3. Nc3 e5 4. Nf3 Nbd7 5. Bg5 h6 6. Bh4 Be7 7. e3 O-O 8. Qc2
exd4 9. Nxd4 Nd5 10. Bxe7 Nxe7 11. Be2 Nc6 12. Nxc6 bxc6 13. O-O c5 14. f4 Bb7
15. Bf3 Rb8 16. b3 Re8 17. Bxb7 Rxb7 18. e4 Nb8 19. e5 dxe5 20. Rad1 Qc8 21.
fxe5 Rxe5 22. Rfe1 Rxe1+ 23. Rxe1 c6 24. Ne4 Re7 25. Nf6+ Kf8 26. Nh7+ Ke8 27.
Rxe7+ Kxe7 28. Qf2 Na6 29. Qh4+ f6 30. Qg3 Kf7 31. h4 Qf5 32. Qd6 Qe6 33. Qf8+
Kg6 34. Qh8 Qe1+ 35. Kh2 Qxh4+ 36. Kg1 Qe1+ 37. Kh2 Qe7 38. Qg8 Nc7 39. Nf8+
Kg5 40. Nh7+ Kf4 41. Qc8 Ke3 42. Nf8 Kd2 43. Qg4 Qe5+ 44. Kh1 f5 45. Qf3 Ne6
46. Qf2+ Kc3 47. Nxe6 Qxe6 48. Qg3+ Kc2 49. Qf2+ Kd3 50. Qf3+ Kd4 51. Qd1+ Kc3
52. Qc1+ Kd4 53. Qa1+ Kd3 54. Qd1+ Kc3 55. Qc1+ Kb4 56. Qd2+ Ka3 57. Qa5+ Kb2
58. Qxa7 Qe1+ 59. Kh2 Qh4+ 60. Kg1 Qd4+ 61. Kh1 g5 62. a4 g4 63. Qe7 Qd1+ 64.
Kh2 f4 65. Qf6+ Qd4 66. Qxc6 f3 67. gxf3 Qf2+ 68. Kh1 g3 69. Qf6+ Ka2 0-1

[Event "National Capital op"]
[Site "Ottawa CAN"]
[Date "2009.12.06"]
[Round "5"]
[White "Samsonkin, Artiom"]
[Black "Sambuev, Bator"]
[Result "1/2-1/2"]
[WhiteElo "2594"]
[BlackElo "2632"]
[PlyCount "147"]
[EventDate "2009.12.04"]
[EventType "swiss"]
[EventRounds "5"]
[EventCountry "CAN"]

1. e4 e6 2. d4 d5 3. Nc3 Bb4 4. e5 b6 5. a3 Bf8 6. f4 Ba6 7. Bxa6 Nxa6 8. Qd3
Nb8 9. f5 Qh4+ 10. g3 Qg4 11. h3 Qxf5 12. Qxf5 exf5 13. Nxd5 Kd7 14. Nf3 Nc6
15. Ne3 Re8 16. Nxf5 f6 17. Bd2 fxe5 18. O-O-O exd4 19. N3xd4 Nxd4 20. Nxd4 Nf6
21. Bf4 Nh5 22. Nb5+ Kc6 23. Nxc7 Re4 24. Nd5 Nxf4 25. Nxf4 Bd6 26. Nd3 Re3 27.
g4 Rf8 28. Rhe1 Rff3 29. Rxe3 Rxe3 30. Rh1 a5 31. Kd2 Rg3 32. Ke2 Rg2+ 33. Nf2
Bc5 34. Rf1 Rg3 35. Nd3 Bd4 36. Rf4 Bf6 37. Rf3 Rg2+ 38. Rf2 Rg1 39. Rf1 Rxf1
40. Kxf1 Kd5 41. Ke2 Ke4 42. a4 Bd4 43. b4 Bc3 44. bxa5 bxa5 45. Nc1 Kd4 46.
Kf3 Be1 47. Ke2 Bb4 48. Na2 Ba3 49. Kf3 Bd6 50. Ke2 Ke4 51. Nc1 Be5 52. Nb3 Bc3
53. Nc5+ Kd4 54. Nb3+ Kc4 55. Nc1 Bb2 56. Na2 Kd4 57. Kf3 g5 58. Kf2 Ke4 59.
Ke2 h6 60. Kd2 Kf3 61. Nc1 Kg2 62. Nd3 Bf6 63. Ke3 Kxh3 64. Kf3 Bc3 65. Nf2+
Kh4 66. Ne4 Be5 67. c4 h5 68. Nf2 hxg4+ 69. Nxg4 Bd4 70. Nh6 Kh5 71. Ng4 Bb6
72. Ne5 Bc5 73. Ng4 Bd4 74. Nh2 1/2-1/2

[Event "Oktoberfest"]
[Site "Kitchener CAN"]
[Date "2009.10.16"]
[Round "1"]
[White "Fiedler, Brian"]
[Black "Samsonkin, Artiom"]
[Result "0-1"]
[WhiteElo "2129"]
[BlackElo "2595"]
[PlyCount "86"]
[EventDate "2009.10.16"]
[EventType "swiss"]
[EventRounds "5"]
[EventCountry "CAN"]

1. e4 c5 2. Nf3 d6 3. d4 cxd4 4. Nxd4 Nf6 5. Nc3 Nc6 6. Bg5 e6 7. Qd2 a6 8.
O-O-O Bd7 9. f3 Be7 10. h4 h6 11. Be3 h5 12. Kb1 Ne5 13. Bg5 b5 14. f4 Neg4 15.
Re1 b4 16. Nd1 Qb6 17. e5 dxe5 18. fxe5 Ng8 19. Bxe7 Nxe7 20. Ne3 Nxe3 21. Qxe3
Nd5 22. Qe4 Rd8 23. Bc4 Bc8 24. Bxd5 Rxd5 25. Nf5 Bb7 26. Nxg7+ Kf8 27. Qf4 Rh7
28. Nxe6+ Qxe6 29. Qxb4+ Qe7 30. Qf4 Kg8 31. Rhf1 Rg7 32. g3 Bc8 33. Qf6 Qe6
34. Qf3 Rxe5 35. Qc3 f6 36. Rd1 Bd7 37. b3 Qe7 38. Rf4 Bg4 39. Rdf1 f5 40. Rb4
Kh7 41. Rb6 Rg6 42. Rb8 Rge6 43. a4 Qg7 0-1

[Event "Oktoberfest"]
[Site "Kitchener CAN"]
[Date "2009.10.17"]
[Round "2"]
[White "Samsonkin, Artiom"]
[Black "Klarner, William"]
[Result "1-0"]
[WhiteElo "2595"]
[BlackElo "2187"]
[PlyCount "89"]
[EventDate "2009.10.16"]
[EventType "swiss"]
[EventRounds "5"]
[EventCountry "CAN"]

1. e4 c5 2. Nf3 d6 3. d4 cxd4 4. Nxd4 Nf6 5. Nc3 a6 6. Bg5 e6 7. f4 Qb6 8. Qd2
Nc6 9. O-O-O Qxd4 10. Qxd4 Nxd4 11. Rxd4 Be7 12. Be2 Bd7 13. Bxf6 gxf6 14. Bh5
Rg8 15. g3 Rg7 16. Rf1 O-O-O 17. a4 Kb8 18. Rd3 b5 19. axb5 axb5 20. Nxb5 Bxb5
21. Rb3 Kc7 22. Rxb5 Ra8 23. Rf3 Ra7 24. Rfb3 Bd8 25. Kd2 Kc6 26. Rb8 Bc7 27.
Rf8 Bb6 28. Rc3+ Kd7 29. Be2 Ke7 30. Rb8 Bc7 31. Rb5 Rg8 32. b4 Rc8 33. Rh5 Rb8
34. Rc4 f5 35. exf5 d5 36. Rc6 Rxb4 37. fxe6 Ba5 38. c3 Re4 39. Bf3 Rc4 40.
Rxc4 dxc4 41. exf7 Bb6 42. Bd5 Ra2+ 43. Kc1 Be3+ 44. Kb1 Ra5 45. Re5+ 1-0

[Event "Oktoberfest"]
[Site "Kitchener CAN"]
[Date "2009.10.18"]
[Round "5"]
[White "Samsonkin, Artiom"]
[Black "Jung, Hans"]
[Result "1-0"]
[WhiteElo "2595"]
[BlackElo "2225"]
[PlyCount "139"]
[EventDate "2009.10.16"]
[EventType "swiss"]
[EventRounds "5"]
[EventCountry "CAN"]

1. e4 Nc6 2. f4 d5 3. exd5 Qxd5 4. Nc3 Qe6+ 5. Nce2 Nd4 6. c3 Nxe2 7. Bxe2 Qe4
8. Nf3 Qxf4 9. d4 Qd6 10. O-O Nf6 11. Ne5 Be6 12. Qa4+ c6 13. Bf4 Qd8 14. Rad1
g6 15. Bf3 Bg7 16. Nxc6 Qd7 17. Be5 O-O 18. d5 bxc6 19. dxe6 Qxe6 20. Rfe1 Qf5
21. Bxc6 Rad8 22. Bd4 a5 23. Rxe7 Ng4 24. Bf3 Bxd4+ 25. cxd4 Qf4 26. Bxg4 Qxg4
27. h3 Qf4 28. Re5 Rb8 29. b3 Rb4 30. Qxa5 Rxd4 31. Ree1 Qh4 32. Qe5 Rf4 33.
Qe3 Rf5 34. Rf1 Rg5 35. Rd4 Qg3 36. Qxg3 Rxg3 37. Rf3 Rxf3 38. gxf3 Rc8 39. Rd2
Rc1+ 40. Kf2 Rb1 41. Ke3 h5 42. h4 Kf8 43. Rd3 Re1+ 44. Kf4 Rh1 45. Kg3 Rg1+
46. Kh2 Ra1 47. a4 Ke7 48. Rd5 Ke6 49. Rb5 Kd6 50. Ra5 Rb1 51. Rb5 Kc6 52. b4
Rb2+ 53. Kg3 Rb1 54. Kf4 f6 55. Kg3 Rg1+ 56. Kh2 Rb1 57. Kg2 Rb2+ 58. Kg3 Rb1
59. Rc5+ Kd6 60. Rc4 Kd5 61. Re4 g5 62. b5 f5 63. Re2 gxh4+ 64. Kxh4 Rb4+ 65.
Kxh5 Rxa4 66. Kg5 Rb4 67. Kxf5 Kd6 68. Re6+ Kd7 69. Re5 Rh4 70. f4 1-0

[Event "CAN-ch"]
[Site "Guelph CAN"]
[Date "2009.08.08"]
[Round "1"]
[White "Samsonkin, Artiom"]
[Black "Vincent, Trevor"]
[Result "1-0"]
[WhiteElo "2584"]
[BlackElo "2290"]
[PlyCount "119"]
[EventDate "2009.08.08"]
[EventType "swiss"]
[EventRounds "9"]
[EventCountry "CAN"]

1. e4 c5 2. Nf3 e6 3. Nc3 Nc6 4. Bb5 Nd4 5. a4 a6 6. Bc4 Nf6 7. d3 d5 8. Ba2
Be7 9. O-O O-O 10. exd5 Nxd5 11. Nxd5 exd5 12. Nxd4 cxd4 13. f4 f5 14. Re1 Qd6
15. Qf3 Rd8 16. Re5 Be6 17. Qe2 Kf7 18. g4 g6 19. gxf5 gxf5 20. Qh5+ Kg7 21.
Bd2 Bf6 22. Kh1 Rg8 23. Rae1 Bd7 24. R5e2 Kh8 25. Qf3 Bh4 26. Rf1 Bxa4 27. Bxd5
Rad8 28. c4 Rg6 29. Re5 Qd7 30. Bb4 Bf6 31. Re6 Qg7 32. Ree1 Bh4 33. Re5 Bf6
34. Re2 Rg8 35. Rg2 Rxg2 36. Qxg2 Qxg2+ 37. Bxg2 Bc2 38. Rf3 Re8 39. Bf1 b6 40.
Rf2 Bd1 41. Bd6 Kg8 42. b4 Kf7 43. Ra2 Re6 44. Bc7 Bf3+ 45. Kg1 Rc6 46. Kf2
Rxc7 47. Kxf3 Ra7 48. Bh3 Be7 49. c5 bxc5 50. b5 a5 51. Bxf5 h6 52. Bc8 Bd8 53.
Ke4 Bb6 54. Kd5 Rc7 55. Be6+ Kf6 56. Kd6 Rb7 57. f5 Rb8 58. Rg2 Rd8+ 59. Kc6
Rb8 60. Rg8 1-0

[Event "CAN-ch"]
[Site "Guelph CAN"]
[Date "2009.08.09"]
[Round "2"]
[White "Hebert, Jean"]
[Black "Samsonkin, Artiom"]
[Result "1/2-1/2"]
[WhiteElo "2436"]
[BlackElo "2584"]
[PlyCount "43"]
[EventDate "2009.08.08"]
[EventType "swiss"]
[EventRounds "9"]
[EventCountry "CAN"]

1. d4 Nf6 2. c4 g6 3. Nc3 Bg7 4. e4 d6 5. Nf3 O-O 6. Be2 e5 7. O-O Na6 8. Re1
Qe8 9. Bf1 Bg4 10. Be3 Bxf3 11. Qxf3 Ng4 12. dxe5 Nxe3 13. Qxe3 dxe5 14. c5 Nb4
15. Nd5 Nc2 16. Qc3 Nxa1 17. Nxc7 Qa4 18. Nxa8 Nc2 19. b3 Qxa2 20. Re2 Rxa8 21.
Qxc2 Qxc2 22. Rxc2 1/2-1/2

[Event "CAN-ch"]
[Site "Guelph CAN"]
[Date "2009.08.10"]
[Round "3"]
[White "Samsonkin, Artiom"]
[Black "Plotkin, Victor"]
[Result "1-0"]
[WhiteElo "2584"]
[BlackElo "2366"]
[PlyCount "103"]
[EventDate "2009.08.08"]
[EventType "swiss"]
[EventRounds "9"]
[EventCountry "CAN"]

1. e4 e5 2. Nc3 Nf6 3. f4 d5 4. fxe5 Nxe4 5. Qf3 Nxc3 6. dxc3 Be6 7. Bf4 c6 8.
Ne2 Nd7 9. Nd4 Nc5 10. b4 Ne4 11. Nxe6 fxe6 12. Qh3 Be7 13. Bd3 O-O 14. Bxe4
dxe4 15. Qxe6+ Kh8 16. O-O Bg5 17. Qg4 Bxf4 18. Rxf4 Qd2 19. Raf1 Qe3+ 20. Kh1
Rxf4 21. Qxf4 Qxf4 22. Rxf4 g5 23. Rxe4 Kg7 24. Rd4 Re8 25. Rd7+ Kg6 26. Kg1
Rxe5 27. Kf2 Rf5+ 28. Ke3 Re5+ 29. Kd3 Rf5 30. Rxb7 Rf2 31. g4 Rxh2 32. Rxa7
Rg2 33. Ra6 Rg3+ 34. Ke2 Rxg4 35. b5 Kf5 36. b6 Re4+ 37. Kd3 Re8 38. Ra5+ Kf4
39. Ra7 Rb8 40. Rf7+ Kg3 41. b7 h5 42. a4 h4 43. a5 h3 44. a6 h2 45. Rh7 g4 46.
Kc4 Kg2 47. a7 Rxb7 48. Rxb7 h1=Q 49. a8=Q Qf1+ 50. Kc5 Qf5+ 51. Kxc6 Qe6+ 52.
Kc5 1-0

[Event "CAN-ch"]
[Site "Guelph CAN"]
[Date "2009.08.11"]
[Round "4"]
[White "Gerzhoy, Leonid"]
[Black "Samsonkin, Artiom"]
[Result "1/2-1/2"]
[WhiteElo "2524"]
[BlackElo "2584"]
[PlyCount "36"]
[EventDate "2009.08.08"]
[EventType "swiss"]
[EventRounds "9"]
[EventCountry "CAN"]

1. e4 c5 2. c3 d5 3. exd5 Qxd5 4. d4 Nf6 5. Nf3 Bg4 6. Be2 e6 7. h3 Bh5 8. O-O
Nc6 9. Be3 cxd4 10. Nxd4 Bxe2 11. Qxe2 Nxd4 12. Bxd4 Be7 13. Rd1 Qc6 14. Nd2
O-O 15. Qc4 Qxc4 16. Nxc4 Rac8 17. Ne3 Bc5 18. Bxc5 Rxc5 1/2-1/2

[Event "CAN-ch"]
[Site "Guelph CAN"]
[Date "2009.08.12"]
[Round "5"]
[White "Samsonkin, Artiom"]
[Black "Livshits, Ron"]
[Result "1/2-1/2"]
[WhiteElo "2584"]
[BlackElo "2416"]
[PlyCount "96"]
[EventDate "2009.08.08"]
[EventType "swiss"]
[EventRounds "9"]
[EventCountry "CAN"]

1. e4 e5 2. Nc3 Nf6 3. f4 d5 4. fxe5 Nxe4 5. Qf3 Nxc3 6. dxc3 Be7 7. Bf4 Be6 8.
Bd3 c5 9. O-O-O Nc6 10. Bc4 g5 11. Bg3 g4 12. Qf2 Qa5 13. Rxd5 Bxd5 14. Bxd5
O-O-O 15. Qf5+ Kb8 16. e6+ Ka8 17. Ne2 c4 18. Rd1 fxe6 19. Qxe6 Bg5+ 20. Kb1
Ne7 21. Bd6 Qb6 22. Qe5 Nxd5 23. Rxd5 Qe3 24. Qxg5 Qxe2 25. b3 Qe6 26. Qd2 Rhe8
27. Kb2 Qe3 28. Qd1 Rc8 29. b4 Qe2 30. Qg1 Qe1 31. Qd4 Qe4 32. Qd2 Rcd8 33. Rd4
Qe3 34. Qxe3 Rxe3 35. Rxg4 b6 36. Bc7 Rc8 37. Rg7 h5 38. g3 Re2 39. h4 Rce8 40.
Bf4 R8e7 41. Rg8+ Kb7 42. b5 a5 43. Rb8+ Ka7 44. Rc8 R2e4 45. Rh8 Re2 46. Rc8
R2e4 47. Rh8 Re2 48. Rc8 R2e4 1/2-1/2

[Event "CAN-ch"]
[Site "Guelph CAN"]
[Date "2009.08.13"]
[Round "6"]
[White "Sapozhnikov, Roman"]
[Black "Samsonkin, Artiom"]
[Result "1/2-1/2"]
[WhiteElo "2372"]
[BlackElo "2584"]
[PlyCount "105"]
[EventDate "2009.08.08"]
[EventType "swiss"]
[EventRounds "9"]
[EventCountry "CAN"]

1. d4 Nf6 2. c4 g6 3. Nc3 Bg7 4. e4 d6 5. Nf3 O-O 6. Be2 Na6 7. O-O e5 8. Re1
c6 9. Bf1 exd4 10. Nxd4 Ng4 11. h3 Qb6 12. hxg4 Qxd4 13. Be3 Qxd1 14. Raxd1
Bxg4 15. f3 Be6 16. Rxd6 Rfe8 17. Rdd1 b6 18. Bd4 f6 19. Bf2 Kf7 20. a3 Rad8
21. Rxd8 Rxd8 22. b4 f5 23. e5 Rd2 24. c5 Rc2 25. Bxa6 Rxc3 26. cxb6 axb6 27.
Bxb6 Rxa3 28. Bb7 Bf8 29. Rb1 Ra4 30. Bc5 Bxc5+ 31. bxc5 Rc4 32. Bxc6 Rxc5 33.
Rb7+ Kg8 34. Bd7 Rxe5 35. Bxe6+ Rxe6 36. Kf2 Rf6 37. f4 Rf7 38. Rb6 Kg7 39. Kf3
Rc7 40. Rb3 Kh6 41. g4 Rc1 42. gxf5 gxf5 43. Rb7 Kg6 44. Kg3 h6 45. Rb6+ Kh5
46. Rf6 Rc3+ 47. Kg2 Kg4 48. Rg6+ Kxf4 49. Rxh6 Rc2+ 50. Kf1 Kg4 51. Ra6 Rb2
52. Ra4+ f4 53. Ra3 1/2-1/2

[Event "CAN-ch"]
[Site "Guelph CAN"]
[Date "2009.08.14"]
[Round "7"]
[White "Jung, Hans"]
[Black "Samsonkin, Artiom"]
[Result "0-1"]
[WhiteElo "2150"]
[BlackElo "2584"]
[PlyCount "80"]
[EventDate "2009.08.08"]
[EventType "swiss"]
[EventRounds "9"]
[EventCountry "CAN"]

1. Nc3 c5 2. Nf3 Nf6 3. e4 d6 4. e5 dxe5 5. Nxe5 Nbd7 6. d4 e6 7. Bb5 a6 8.
Nxd7 Nxd7 9. Be2 Nf6 10. dxc5 Qxd1+ 11. Nxd1 Bxc5 12. O-O Bd7 13. Bf3 O-O-O 14.
Be3 Bxe3 15. Nxe3 e5 16. Nd5 Bb5 17. c4 Nxd5 18. Bxd5 Rxd5 19. cxd5 Bxf1 20.
Kxf1 Rd8 21. Rd1 Kd7 22. Rd3 Kd6 23. g4 h6 24. h4 Rc8 25. g5 hxg5 26. hxg5 e4
27. Rb3 b5 28. a4 Rc5 29. axb5 Rxb5 30. Ra3 a5 31. Kg2 Rxd5 32. Rg3 Rd3 33. Rg4
Ke5 34. Rh4 Rd2 35. Kf1 Rxb2 36. Rh7 a4 37. g6 fxg6 38. Rxg7 a3 39. Ra7 a2 40.
Kg2 e3 0-1

[Event "CAN-ch"]
[Site "Guelph CAN"]
[Date "2009.08.15"]
[Round "8"]
[White "Samsonkin, Artiom"]
[Black "Bluvshtein, Mark"]
[Result "1/2-1/2"]
[WhiteElo "2584"]
[BlackElo "2634"]
[PlyCount "38"]
[EventDate "2009.08.08"]
[EventType "swiss"]
[EventRounds "9"]
[EventCountry "CAN"]

1. e4 e5 2. Nf3 Nf6 3. d4 Nxe4 4. dxe5 d5 5. Nbd2 Nxd2 6. Bxd2 Be7 7. c4 O-O 8.
Qc2 Be6 9. Nd4 Qd7 10. f4 Bg4 11. Bd3 g6 12. c5 Nc6 13. Nxc6 Qxc6 14. Rc1 b6
15. cxb6 Qxc2 16. Bxc2 cxb6 17. Bd1 Bxd1 18. Kxd1 Rac8 19. Ke2 f6 1/2-1/2

[Event "CAN-ch"]
[Site "Guelph CAN"]
[Date "2009.08.16"]
[Round "9"]
[White "Samsonkin, Artiom"]
[Black "Tayar, Jonathan"]
[Result "0-1"]
[WhiteElo "2584"]
[BlackElo "2436"]
[PlyCount "94"]
[EventDate "2009.08.08"]
[EventType "swiss"]
[EventRounds "9"]
[EventCountry "CAN"]

1. d4 Nf6 2. Bg5 c5 3. d5 Qb6 4. Nc3 Qxb2 5. Bd2 Qb6 6. e4 e5 7. Rb1 Qd8 8. f4
d6 9. fxe5 dxe5 10. Nf3 Bd6 11. Bb5+ Nbd7 12. Bg5 Qa5 13. Qd2 O-O 14. Nh4 c4
15. Bxd7 Nxd7 16. Nf5 Bb4 17. Rxb4 Qxb4 18. Bh6 f6 19. Nxg7 Kh8 20. O-O Rg8 21.
Ne6 Qe7 22. Qf2 Rg6 23. Be3 b6 24. h4 Bb7 25. h5 Rg4 26. h6 Rag8 27. Ng7 Rg6
28. Qe2 Qa3 29. Nb5 Qb4 30. a4 c3 31. Qf3 Ba6 32. Ra1 Qb2 33. Qd1 Bxb5 34. axb5
Qxb5 35. Rxa7 Nc5 36. d6 Nxe4 37. d7 Nd2 38. Rc7 Qd5 39. Qe2 Nf3+ 40. Kf1 Nh2+
41. Kg1 Ng4 42. Qd3 Qa8 43. Qc4 Nxe3 44. Qxg8+ Qxg8 45. Kf2 Ng4+ 46. Ke1 Nxh6
47. Ne6 Nf7 0-1

[Event "CAN-ch U20"]
[Site "Victoria CAN"]
[Date "2009.07.25"]
[Round "1"]
[White "Li, Changhe"]
[Black "Samsonkin, Artiom"]
[Result "0-1"]
[WhiteElo "2065"]
[BlackElo "2598"]
[PlyCount "90"]
[EventDate "2009.07.25"]
[EventType "swiss"]
[EventRounds "7"]
[EventCountry "CAN"]

1. e4 c5 2. Nf3 d6 3. d4 cxd4 4. Nxd4 Nf6 5. Nc3 Nc6 6. Be3 Ng4 7. Bb5 Nxe3 8.
fxe3 Bd7 9. Qd2 a6 10. Ba4 Ne5 11. Bb3 e6 12. Nf3 Nxf3+ 13. gxf3 Qh4+ 14. Qf2
Be7 15. Ne2 Qh6 16. O-O-O b5 17. Nc3 Qh5 18. f4 b4 19. Ne2 a5 20. f5 Rc8 21.
Nd4 Qh6 22. fxe6 fxe6 23. Rhf1 Rf8 24. Qe2 Rxf1 25. Rxf1 a4 26. Bc4 Bg5 27. Nb5
Ke7 28. Qf3 Bxe3+ 29. Kb1 Bf4 30. Qxf4 Qxf4 31. Rxf4 g5 32. Rf7+ Kxf7 33. Nxd6+
Kf6 34. Nxc8 Bxc8 35. Bb5 a3 36. bxa3 bxa3 37. Bc6 Ke5 38. c4 h5 39. Be8 h4 40.
Bh5 Kd4 41. Kc2 Kxc4 42. e5 Bb7 43. Bg4 Be4+ 44. Kd2 Kd5 45. Ke3 Bb1 0-1

[Event "CAN-ch U20"]
[Site "Victoria CAN"]
[Date "2009.07.25"]
[Round "2"]
[White "Samsonkin, Artiom"]
[Black "Calugar, Arthur"]
[Result "0-1"]
[WhiteElo "2598"]
[BlackElo "2226"]
[PlyCount "158"]
[EventDate "2009.07.25"]
[EventType "swiss"]
[EventRounds "7"]
[EventCountry "CAN"]

1. e4 c5 2. Nf3 Nc6 3. d4 cxd4 4. Nxd4 e6 5. Nc3 Qc7 6. Be2 a6 7. O-O Nf6 8.
Be3 Bb4 9. Na4 Be7 10. Nxc6 bxc6 11. Nb6 Rb8 12. Nxc8 Qxc8 13. e5 Nd5 14. Bc1
c5 15. f4 O-O 16. f5 f6 17. exf6 Bxf6 18. c3 Rb6 19. Qc2 Qc7 20. fxe6 dxe6 21.
Bd3 g5 22. Bxg5 c4 23. Bh6 cxd3 24. Qxd3 Rf7 25. Rad1 Bg7 26. Bxg7 Rxg7 27. Qe4
h6 28. c4 Ne7 29. Qa8+ Kh7 30. Rd8 Ng6 31. b3 Rd6 32. Rxd6 Qxd6 33. Qe4 e5 34.
h3 h5 35. Rf5 Kh6 36. g4 hxg4 37. hxg4 Nf4 38. Qh1+ Kg6 39. Qe4 Qd1+ 40. Kf2
Kh6 41. Rf6+ Rg6 42. Rxg6+ Nxg6 43. Qe3+ Nf4 44. Kg3 Qf1 45. Qb6+ Ng6 46. Qe6
Qf4+ 47. Kg2 e4 48. c5 Qf3+ 49. Kh2 Kg5 50. c6 Qf2+ 51. Kh1 Qh4+ 52. Kg1 Qg3+
53. Kf1 Qd3+ 54. Ke1 Qc3+ 55. Kd1 Ne5 56. Qf5+ Kh4 57. Qxe4 Nxc6 58. Qe1+ Qxe1+
59. Kxe1 Kxg4 60. Kd2 Kf5 61. Kc3 Ke5 62. Kc4 Kd6 63. b4 Ne5+ 64. Kd4 Nf3+ 65.
Ke4 Ng5+ 66. Kd4 Kc6 67. a4 Kb6 68. Kd5 Nh3 69. Ke4 Nf2+ 70. Kd4 Nd1 71. Kc4
Nb2+ 72. Kb3 Nd3 73. Kc4 Ne5+ 74. Kd5 Nd7 75. Kd4 Kc7 76. Kc4 Nb6+ 77. Kb3 Kd6
78. Ka3 Kd5 79. Kb3 Kd4 0-1

[Event "CAN-ch U20"]
[Site "Victoria CAN"]
[Date "2009.07.25"]
[Round "3"]
[White "Wang, Richard"]
[Black "Samsonkin, Artiom"]
[Result "0-1"]
[WhiteElo "2097"]
[BlackElo "2598"]
[PlyCount "78"]
[EventDate "2009.07.25"]
[EventType "swiss"]
[EventRounds "7"]
[EventCountry "CAN"]

1. d4 Nf6 2. Nf3 d6 3. c3 g6 4. Bg5 Bg7 5. Nbd2 h6 6. Bh4 g5 7. Bg3 Nh5 8. e4
e6 9. Bc4 O-O 10. O-O Nc6 11. Bb3 Ne7 12. Ne1 Nxg3 13. hxg3 Kh8 14. f4 gxf4 15.
gxf4 f5 16. e5 dxe5 17. dxe5 b5 18. Qf3 Bd7 19. Qf2 a5 20. a4 bxa4 21. Bxa4 Rg8
22. Nb3 Bxa4 23. Rxa4 Qd5 24. c4 Qc6 25. Rxa5 Qxc4 26. Rxa8 Rxa8 27. Qc2 Qb5
28. Qc5 Qxb3 29. Qxe7 Qb6+ 30. Kh2 Ra1 31. Qe8+ Kh7 32. Nf3 Rxf1 33. Ng5+ hxg5
34. Qh5+ Kg8 35. Qe8+ Bf8 36. Qg6+ Kh8 37. Qh5+ Kg7 38. Qxg5+ Kf7 39. Qh5+ Ke7
0-1

[Event "CAN-ch U20"]
[Site "Victoria CAN"]
[Date "2009.07.26"]
[Round "4"]
[White "Panjwani, Raja"]
[Black "Samsonkin, Artiom"]
[Result "0-1"]
[WhiteElo "2454"]
[BlackElo "2598"]
[PlyCount "70"]
[EventDate "2009.07.25"]
[EventType "swiss"]
[EventRounds "7"]
[EventCountry "CAN"]

1. d4 Nf6 2. c4 g6 3. Nc3 Bg7 4. e4 d6 5. Bd3 O-O 6. Nge2 e5 7. d5 c6 8. O-O a5
9. a3 Nbd7 10. Rb1 cxd5 11. exd5 a4 12. Nxa4 Rxa4 13. Qxa4 Nc5 14. Qd1 Nxd3 15.
Be3 e4 16. Nc3 Ng4 17. Qe2 Qh4 18. h3 Nge5 19. g3 Qxh3 20. Nxe4 Ng4 21. f3 Nxe3
22. Qxe3 Ne5 23. Qf2 Nxc4 24. Rbc1 Nxb2 25. Qh2 Qd7 26. g4 Nd3 27. Rc2 f5 28.
Ng5 Bd4+ 29. Kh1 Be5 30. f4 Nxf4 31. Rxf4 Bxf4 32. Qxf4 fxg4 33. Qe4 Qf5 34.
Qe7 Qxd5+ 35. Kh2 g3+ 0-1

[Event "CAN-ch U20"]
[Site "Victoria CAN"]
[Date "2009.07.27"]
[Round "5"]
[White "Samsonkin, Artiom"]
[Black "Sapozhnikov, Roman"]
[Result "1/2-1/2"]
[WhiteElo "2598"]
[BlackElo "2350"]
[PlyCount "104"]
[EventDate "2009.07.25"]
[EventType "swiss"]
[EventRounds "7"]
[EventCountry "CAN"]

1. e4 c5 2. Nf3 d6 3. Nc3 Nf6 4. e5 dxe5 5. Nxe5 Nbd7 6. Nc4 Nb6 7. Nxb6 Qxb6
8. Bb5+ Bd7 9. Bxd7+ Nxd7 10. O-O e6 11. Qg4 Qc6 12. f4 Nf6 13. Qe2 Be7 14. b3
O-O 15. Bb2 Rad8 16. d3 b5 17. a4 a6 18. axb5 axb5 19. f5 c4 20. fxe6 fxe6 21.
dxc4 bxc4 22. Qxc4 Qxc4 23. bxc4 Rd2 24. Rae1 Rxc2 25. Re2 Bc5+ 26. Kh1 Rxe2
27. Nxe2 Ng4 28. Rxf8+ Kxf8 29. h3 Ne3 30. Nf4 Kf7 31. Nd3 Nxc4 32. Bxg7 Bd6
33. Bc3 e5 34. Nf2 Ke6 35. Ne4 Be7 36. Nd2 Ne3 37. Kg1 Kd5 38. Nb1 Bh4 39. Bd2
Ke4 40. Nc3+ Kd3 41. Bxe3 Kxe3 42. Kf1 Bg5 43. Nd1+ Kd2 44. Nf2 Bh4 45. g3 Be7
46. Kg2 Ke3 47. Ng4+ Ke4 48. Nf2+ Ke3 49. Ng4+ Kd4 50. Kf3 e4+ 51. Ke2 Bd6 52.
Ne3 Bf8 1/2-1/2

[Event "CAN-ch U20"]
[Site "Victoria CAN"]
[Date "2009.07.27"]
[Round "6"]
[White "Samsonkin, Artiom"]
[Black "Martchenko, Alexander"]
[Result "1/2-1/2"]
[WhiteElo "2598"]
[BlackElo "2302"]
[PlyCount "74"]
[EventDate "2009.07.25"]
[EventType "swiss"]
[EventRounds "7"]
[EventCountry "CAN"]

1. e4 d5 2. exd5 Nf6 3. d4 Nxd5 4. Nf3 g6 5. h3 Bg7 6. c4 Nb6 7. Nc3 O-O 8. Be3
Nc6 9. Qd2 e5 10. d5 Ne7 11. g4 f5 12. O-O-O e4 13. Ng5 h6 14. Ne6 Bxe6 15.
dxe6 Qxd2+ 16. Rxd2 c6 17. Bc5 Rfe8 18. Rd7 Nxd7 19. exd7 Red8 20. Bxe7 Rxd7
21. Bc5 Rad8 22. Be2 Bd4 23. Bxd4 Rxd4 24. gxf5 gxf5 25. Rg1+ Kf7 26. h4 Kf6
27. h5 Ke5 28. c5 b5 29. cxb6 axb6 30. a4 f4 31. f3 e3 32. Rg7 R4d7 33. Rg6 Rd6
34. Rg7 R6d7 35. Rg6 Rd6 36. Rg7 R6d7 37. Rg6 Rd6 1/2-1/2